Statistics for FIFA BARCELONA TOP GOAL SCORERS QUIZ

Click here to take the quiz!

General Stats

  • This quiz has been taken 28 times
  • The average score is 9 of 13

Answer Stats

HintAnswer% Correct
ARGLionel Messi
100%
POLRobert Lewandowski
96%
URULuis Suárez
85%
SWEZlatan Ibrahimović
85%
SPADavid Villa
81%
GABONPierre-Emerick Aubameyang
81%
BRANeymar
77%
CHIAlexis Sánchez
73%
FRAAntoine Griezmann
54%
SPAXavi
54%
SPAPedro
50%
SPACesc Fàbregas
23%
NEDMemphis
15%

Score Distribution

Percentile by Number Answered

Percent of People with Each Score

Your Score History

You have not taken this quiz